| 000 | 00775nam a2200265 i 4500 | ||
|---|---|---|---|
| 001 | bgj | ||
| 100 | 1 | _aGRAHAM, Carolyn | |
| 245 | 1 | 0 |
_aHoliday jazz chants / _cCarolyn Graham. |
| 260 |
_aNew York : _bOxford University Press, _cc. 1999. |
||
| 300 |
_a80 pp : _bill. ; _c28 cm. |
||
| 490 | 1 | _aOxford American English | |
| 650 | 9 |
_aEnglish language _xTextbooks for foreign speakers |
|
| 650 | 9 |
_aEnglish language _xSpoken English _zUnited States |
|
| 650 | 9 |
_aEnglish language _xSpoken English |
|
| 650 | 9 |
_aJazz vocals _xTexts |
|
| 650 | 9 | _aAmericanisms | |
| 650 | 9 | _aChants | |
| 830 | _aOxford American English | ||
| 020 | _a0194349276 | ||
| 040 | _cBPK | ||
| 041 | 0 | _aeng | |
| 920 | _a0-19-434927-6 | ||
| 942 | _cKS | ||
| 008 | s uk f |000 0 eng | ||
| 999 |
_c48907 _d48907 |
||
| 856 |
_uhttp://koha.tu.koszalin.pl/cgi-bin/koha/opac-detail.pl?biblionumber=48907 _yKatalog online BPK |
||